Języki urzędowe państw świata - Statystyki

Ogólne statystyki
  • Ten quiz został rozwiązany 161 razy
  • Średni wynik to 63 z 306
Statystyki odpowiedzi
Kontynent Kraj Język urzędowy % Poprawnych
Ameryka Północna Antigua i Barbuda angielski
86%
Bahamy angielski
78%
Barbados angielski
78%
Belize angielski
76%
Dominika angielski
75%
Grenada angielski
74%
Dominikana hiszpański
70%
Gwatemala hiszpańśki
69%
Kanada angielski
67%
Stany Zjednoczone angielski
67%
Ameryka Południowa Argentyna hiszpański
67%
Chile hiszpański
67%
Ekwador hiszpański
66%
Boliwia hiszpański
65%
Brazylia portugalski
65%
Meksyk hiszpański
64%
Panama hiszpański
63%
Kuba hiszpański
61%
Nikaragua hiszpański
61%
Kolumbia hiszpański
61%
Peru hiszpański
61%
Saint Kitts i Nevis angielski
60%
Saint Lucia angielski
59%
Saint Vincent i Grenadyny angielski
59%
Trynidad i Tobago angielski
59%
Kostaryka hiszpański
59%
Paragwaj hiszpański
59%
Urugwaj hiszpański
59%
Jamajka angielski
58%
Wenezuela hiszpański
58%
Austria niemiecki
58%
Europa Albania albański
53%
Salwador angielski
53%
Honduras hiszpański
53%
Hiszpania hiszpański
53%
Białoruś rosyjski
53%
Gujana angielski
52%
Czechy czeski
52%
Dania duński
52%
Estonia estoński
52%
Francja francuski
52%
Grecja grecki
52%
Irlandia angielski
51%
Chorwacja chorwacki
51%
Belgia francuski
50%
Bułgaria bułgarski
49%
Finlandia fiński
49%
Islandia islandzki
48%
Polska polski
48%
Ukraina ukraiński
48%
Włochy włoski
48%
Wielka Brytania angielski
47%
Łotwa łotewski
47%
Niemcy niemiecki
47%
Norwegia norweski
47%
Rosja rosyjski
47%
francuski
45%
Litwa litewski
45%
Liechtenstein niemiecki
45%
Portugalia portugalski
45%
Rumunia rumuński
45%
Słowacja słowacki
45%
Węgry węgierski
45%
San Marino włoski
45%
Holandia niderlandzki
44%
Serbia serbski
44%
Macedonia Północna macedoński
43%
Szwajcaria niemiecki
43%
Słowenia słoweński
43%
Watykan włoski
43%
Czarnogóra czarnogórski
41%
Bośnia i Hercegowina serbski
41%
Szwecja szwedzki
41%
Monako francuski
40%
Afryka Algieria arabski
39%
Luksemburg francuski
38%
Malta maltański
36%
Botswana angielski
33%
białoruski
33%
Andora kataloński
33%
Egipt arabski
32%
irlandzki
31%
francuski
30%
bośniacki
28%
Angola portugalski
28%
Mołdawia rumuński
28%
serbski
28%
Kosowo albański
27%
Benin francuski
27%
Burkina Faso francuski
27%
Burundi francuski
27%
Czad francuski
26%
Surinam niderlandzki
26%
niderlandzki
26%
niemiecki
26%
angielski
25%
Arabia Saudyjska arabski
25%
chorwacki
25%
niemiecki
25%
Dem. Rep. Konga francuski
24%
luksemburski
24%
włoski
24%
Erytrea arabski
23%
łaciński
23%
Japonia japoński
22%
Haiti kreolski
22%
szkocki
22%
walijski
22%
angielski
20%
irlandzki
20%
albański
19%
francuski
19%
Dżibuti francuski
19%
Eswatini angielski
18%
Ghana angielski
18%
Korea Południowa koreański
17%
Korea Północna koreański
17%
Gambia angielski
16%
Irak arabski
16%
Izrael hebrajski
16%
Chiny mandaryński
16%
Turcja turecki
16%
Oceania Australia angielski
15%
arabski
15%
Libia arabski
15%
Maroko arabski
15%
Katar arabski
15%
Gabon francuski
15%
Gwinea francuski
15%
Gruzja gruziński
15%
Kazachstan kazachski
15%
Jemen arabski
14%
Indie hindi
14%
Indonezja indonezyjski
14%
Liberia angielski
13%
Republika Południowej Afryki angielski
13%
Jordania arabski
13%
Kamerun francuski
13%
Kongo francuski
13%
Cypr grecki
13%
Gwinea Równikowa hiszpański
13%
Mongolia mongolski
13%
Iran perski
13%
Gwinea Bissau portugalski
13%
Wietnam wietnamski
13%
angielski
11%
Filipiny angielski
11%
arabski
11%
Zjednoczone Emiraty Arabskie arabski
11%
Bangladesz bengalski
11%
romansz
11%
Nigeria angielski
10%
Fidżi angielski
10%
Tunezja arabski
10%
Kuwejt arabski
10%
Oman arabski
10%
Syria arabski
10%
Azerbejdżan azerski
10%
Senegal francuski
10%
Malezja malajski
10%
Tajlandia tajski
10%
Malawi angielski
9%
Mauritius angielski
9%
Namibia angielski
9%
Rwanda angielski
9%
Zimbabwe angielski
9%
Singapur angielski
9%
Liban arabski
9%
Wybrzeże Kości Słoniowej francuski
9%
Armenia ormiański
9%
turecki
9%
angielski
8%
Sudan Południowy angielski
8%
Zambia angielski
8%
Mauretania arabski
8%
Sudan arabski
8%
filipiński
8%
Mali francuski
8%
Niger francuski
8%
Seszele francuski
8%
Kirgistan kirgiski
8%
Timor Wschodni portugalski
8%
Etiopia amharski
7%
Sierra Leone angielski
7%
Nauru angielski
7%
Bahrajn arabski
7%
francuski
7%
Republika Środkowoafrykańska francuski
7%
Togo francuski
7%
Mozambik portugalski
7%
rosyjski
7%
rundi
7%
Tadżykistan tadżycki
7%
angielski
6%
angielski
6%
Mikronezja angielski
6%
Papua-Nowa Gwinea angielski
6%
Vanuatu angielski
6%
Wyspy Salomona angielski
6%
Komory arabski
6%
francuski
6%
Kambodża khmerski
6%
Brunei malajski
6%
Wyspy Świętego Tomasza i Książęca portugalski
6%
rosyjski
6%
Somalia somalijski
6%
suazi
6%
Turkmenistan turkmeński
6%
Uzbekistan uzbecki
6%
angielski
5%
Laos laotański
5%
malajski
5%
Madagaskar malgaski
5%
mandaryński
5%
Nepal nepali
5%
portugalski
5%
Lesotho sotho
5%
Kenia swahili
5%
Pakistan urdu
5%
angielski
3%
angielski
3%
angielski
3%
angielski
3%
angielski
3%
arabski
3%
francuski
3%
francuski
3%
francuski
3%
Kiribati kiribati
3%
Malediwy malediwski
3%
Republika Zielonego Przylądka portugalski
3%
tetum
3%
tigrinia
3%
afrikaans
2%
angielski
2%
angielski
2%
dari
2%
Bhutan dzongkha
2%
fidżyjski
2%
komoryjski
2%
kurdyjski
2%
Azja Afganistan paszto
2%
rwanda
2%
seszelski
2%
somalijski
2%
sotho
2%
swahili
2%
swahili
2%
swahili
2%
Tanzania swahili
2%
Uganda swahili
2%
Sri Lanka tamilski
2%
zulu
2%
angielski
1%
angielski
1%
angielski
1%
angielski
1%
angielski
1%
asyryjski
1%
francuski
1%
hindi
1%
kornijski
1%
Nowa Zelandia maoryski
1%
marokański
1%
Wyspy Marshalla marszalski
1%
oromo
1%
Palau palau
1%
Samoa samoański
1%
sango
1%
sotho
1%
suazi
1%
syngaleski
1%
tamilski
1%
tigrinia
1%
Tonga tonga
1%
tswana
1%
tswana
1%
Tuvalu tuvalu
1%
xhosa
1%
xhosa
1%
afar
0%
bislama
0%
czewa
0%
hiri motu
0%
kalanga
0%
kongo
0%
kongo
0%
lingala
0%
lingala
0%
luba
0%
luba
0%
nambya
0%
naurański
0%
ndebele północny
0%
ndebele południowy
0%
ormiański
0%
północny sotho
0%
sena
0%
shona
0%
tok pisin
0%
tonga
0%
tshwa
0%
tsonga
0%
tsonga
0%
venda
0%
venda
0%
Nie znaleziono quizów pasujących do podanych kryteriów
Rozkład punktacji
Procent ludzi z każdym wynikiem
Percentyl według liczby udzielonych odpowiedzi
Twoja historia wyników
Nie rozwiązałeś tego quizu